MARC

LEADER 00000nam0a2200000 4500
001 35677
005 20231101210323.0
010 |a 525600381X 
035 |a (RuTPU)RU\TPU\book\36114 
035 |a BOOK00002766 
090 |a 35677 
100 |a 20011210d1992 km y0rusy50 ca 
101 1 |a rus  |c eng 
102 |a RU 
105 |a y z 001zy 
200 1 |a Программно-аппаратная организация IBM PC  |e пер. с англ.  |f П. Нортон 
210 |a Москва  |c Радио и связь  |d 1992 
215 |a 336 с. 
320 |a Библиогр.: с. 324-325 
606 1 |a Вычислительные машины электронные персональные  |x Программирование  |x Автоматизация  |2 stltpush  |3 (RuTPU)RU\TPU\subj\4220  |9 32514 
610 1 |a информатика 
610 1 |a ЭВМ 
610 1 |a операционные системы 
610 1 |a технические средства 
610 1 |a функционирование 
610 1 |a ввод 
610 1 |a вывод 
610 1 |a драйверы 
675 |a 681.3.068  |v 3 
700 1 |a Нортон  |b П.  |g Питер 
801 0 |a RU  |b 63413507  |c 20011210  |g PSBO 
801 2 |a RU  |b 63413507  |c 20210513  |g PSBO 
900 |a Вычислительные машины, сети и системы телекоммуникаций 
900 |a Прикладное программирование в решении задач теплоэнергетики 
942 |c BK